Estudio epidemiológico de los accidentes de tránsito en Costa Rica /

Estudia las causas de los accidentes de tránsito en Costa Rica. Informa sobre número de vehículos en circulación, accidentes, víctimas grupos de edad más afectado por esos accidentes y costos de hospitalización de los choferes particulares y las condiciones de trabajo de los choferes profesionales....

Descrizione completa

Salvato in:
Dettagli Bibliografici
Autore principale: Steffen, Cristina
Enti autori: CSUCA. Programa Centroamericano de Ciencias de la Salud, INS
Altri autori: Sancho, Francisco
Natura: testo
Pubblicazione: San José: CSUCA
Soggetti:
Tags: Aggiungi Tag
Nessun Tag, puoi essere il primo ad aggiungerne!!

MARC

LEADER 00000 a a2200000 04500
001 20265
003
040
090 |a 084000  
100 |a Steffen, Cristina  
110 |a CSUCA. Programa Centroamericano de Ciencias de la Salud  
245 |a Estudio epidemiológico de los accidentes de tránsito en Costa Rica /  |c CSUCA. Programa Centroamericano de Ciencias de la Salud  
260 |a San José:   |b CSUCA  
300 |a 71 p.  
520 |a Estudia las causas de los accidentes de tránsito en Costa Rica. Informa sobre número de vehículos en circulación, accidentes, víctimas grupos de edad más afectado por esos accidentes y costos de hospitalización de los choferes particulares y las condiciones de trabajo de los choferes profesionales. Indica la distribución de los accidentes atribuibles al peatón. Ubica los tramos de carretera donde ocurren los accidentes con más frecuencia. Señala los factores que contribuyen a aumentar los percances en las carreteras y hace recomendaciones para disminuirlos./ACM  
650 |a COSTA RICA  
650 |a ACCIDENTES  
650 |a TRAFICO POR CARRETERA  
650 |a AUTOMOVILES  
700 |a Sancho, Francisco  
710 |a INS  
999 |c 8605  |d 8605